LEADER 01405nam 2200409 450 001 9910465737003321 035 $a(CKB)3710000000744216 035 $a(MiAaPQ)EBC4591455 035 $a(EXLCZ)993710000000744216 100 $a20160805h20162016 uy 0 101 0 $aeng 135 $aurcnu|||||||| 181 $2rdacontent 182 $2rdamedia 183 $2rdacarrier 200 00$aPerspectives on Arabic linguistics XXVII $epapers from the annual symposium on Arabic linguistics, Bloomington, Indiana, 2013 /$fedited by Stuart Davis, Usama Soltan 210 1$aAmsterdam, Netherlands ;$aPhiladelphia, Pennsylvania :$cJohn Benjamins Publishing Company,$d2016. 210 4$dİ2016 215 $a1 online resource (258 pages) 225 1 $aStudies in Arabic Linguistics,$x2212-8042 ;$vVolume 3 311 $a90-272-6701-4 311 $a90-272-0031-9 320 $aIncludes bibliographical references at the end of each chapters and index. 410 0$aStudies in Arabic linguistics ;$vVolume 3. 606 $aArabic language$vCongresses 608 $aElectronic books. 615 0$aArabic language 676 $a492.705 702 $aDavis$b Stuart 702 $aSoltan$b Usama 801 0$bMiAaPQ 801 1$bMiAaPQ 801 2$bMiAaPQ 906 $aBOOK 912 $a9910465737003321 996 $aPerspectives on Arabic linguistics XXVII$91991093 997 $aUNINA